| 000 | 00380nam a22001337a 4500 | ||
|---|---|---|---|
| 999 |
_c115171 _d115171 |
||
| 005 | 20220113152515.0 | ||
| 008 | 191224b ||||| |||| 00| 0 eng d | ||
| 040 | _cPK-LaUMT | ||
| 082 |
_a346.00264 _bUNR- |
||
| 245 |
_aUnreported Cases [U.C, Vol. I, 1980] _cedited by M. Farani. . .[et al.] |
||
| 260 |
_aLahore: _bNational Law Reporter, _c1980 |
||
| 300 | _a575 p. | ||
| 942 | _cLPJ | ||